Dominum et vivificantem
-д хадгалсан:
| Үндсэн зохиолч: | |
|---|---|
| Формат: | Ном |
| Хэл сонгох: | испани |
| Хэвлэсэн: |
Santiago
San Pablo
2001
|
| Хэвлэл: | 5a. ed |
| Нөхцлүүд: | |
| Шошгууд: |
Шошго нэмэх
Шошго байхгүй, Энэхүү баримтыг шошголох эхний хүн болох!
|
MARC
| LEADER | 00000cam a2200000 a 4500 | ||
|---|---|---|---|
| 001 | UCL1866 | ||
| 003 | CL-VaPUC | ||
| 008 | 030926e20010000CL |||||||||||||||||spa|d | ||
| 082 | 0 | 4 | |a 262.91 |b JUA |2 21 |
| 100 | |a Juan Pablo II |e author |9 309920 | ||
| 245 | 1 | 0 | |a Dominum et vivificantem |
| 246 | 1 | 0 | |a Carta encíclica sobre el Espíritu Santo en la vida de la iglesia y del mundo |
| 250 | |a 5a. ed | ||
| 300 | |a 140 p | ||
| 942 | |c BK | ||
| 945 | |d 20030926 00:00:00 |a cmena | ||
| 260 | |a Santiago |b San Pablo |c 2001 | ||
| 650 | 0 | |a Encíclicas |9 255643 | |
| 650 | 0 | |a Documentos pontificios |9 255642 | |
| 583 | |a last modification |c 20150622 04:57:58 |k Rodrigo Vera | ||
| 999 | |c 305305 |d 305303 | ||
| 952 | |0 0 |1 0 |4 0 |6 262_910000000000000_JUA_2001 |7 0 |8 A |9 368474 |a BIBTEO |b BIBTEO |d 2019-11-21 |i 3940748 |o 262.91 JUA 2001 |p 3940748 |r 2025-01-17 |w 2019-11-21 |y BK |k ICR | ||
| 952 | |0 0 |1 0 |4 0 |6 262_910000000000000_JUA_2001 |7 0 |8 A |9 368475 |a BIBTEO |b BIBTEO |d 2019-11-21 |i 3940756 |o 262.91 JUA 2001 |p 3940756 |r 2025-01-17 |w 2019-11-21 |y BK |k ICR | ||
| 952 | |0 0 |1 0 |4 0 |6 262_910000000000000_JUA_2001 |7 0 |8 A |9 368476 |a BIBTEO |b BIBTEO |d 2019-11-21 |i 3940764 |o 262.91 JUA 2001 |p 3940764 |r 2025-01-17 |w 2019-11-21 |y BK |k ICR | ||
| 952 | |0 0 |1 0 |4 0 |6 262_910000000000000_JUA_2001 |7 0 |8 A |9 368477 |a BIBTEO |b BIBTEO |d 2019-11-21 |i 4244273 |o 262.91 JUA 2001 |p 4244273 |r 2025-01-17 |w 2019-11-21 |y BK |k ICR | ||
| 952 | |0 0 |1 0 |3 erb |4 0 |6 262_910000000000000_JUA_2001 |7 0 |8 A |9 368478 |a BIBTEO |b BIBTEO |e Casale Rolle, Carlos Ignacio, -2014 |i 5183227 |o 262.91 JUA 2001 |p 5183227 |r 2025-01-17 |w 2019-11-21 |y BK |z Catalogado en:20150605 |k ICR | ||